| 000 | 00610cam a22001817a 4500 | ||
|---|---|---|---|
| 008 | 180718b2000 xxu||||| |||| 00| 0 eng d | ||
| 020 | _a1890009849 | ||
| 082 | _aI513 D29 | ||
| 100 | _aDavis, Larry N. | ||
| 245 |
_aPioneering organizations: individualism the convergence of teamwork and leadership _cby Larry N. Davis |
||
| 260 |
_aProvo _bExecutive Excellence _c2000 |
||
| 300 | _a270p. | ||
| 650 | _aLeadership | ||
| 650 | _aTeams in the workplace - United States | ||
| 650 | _aIndividualism - United States | ||
| 650 | _aOrganizational change - United States | ||
| 650 | _aOrganizational effectiveness | ||
| 999 |
_c396097 _d396097 |
||